000 00270nam a2200097Ia 4500
001 683444
005 20250826161438.0
008 250824s9999 xx 000 0 und d
245 0 _aÖZGÜRLÜK SAVAŞÇISI ŞEYH ŞAMİL
_cAHMET YILMAZ BOYUNAĞA
260 _bTİMAŞ YAYINLARI
999 _c683444
_d683444